002820000a2200109000450024500210000065000200002165000250004165000170006604100130008310000180009677300580011410aGaseous Toxicity14aEcofisiología14aEcología de suelos14aBioquímica0 aInglés1 aFitter, A. H.1 tEnviromental Physiology of Plants3623q232-251d1981